000 01010nam a2200289 i 4500
001 114898
003 ES-MaACL
005 20230906190259.0
007 t|
008 070208s1964 sp ||||1| spa d
080 _a264.02:262.5 Vat.II
111 2 _aConcilio Vaticano (
_n2º.
_d1962-1965)
_9122
245 1 0 _aInstrucción para la recta aplicación de la constitución sobre la sagrada liturgia /
_cintroducción Aurelio Mª. Argemí ; traducción e índice: Juanita Auñón.
250 _a1ª ed.
260 _aBarcelona :
_bEstela,
_c1964.
300 _a87 p. ;
_c20 cm.
490 1 _aDocumentos del Concilio Vaticano II ;
_v3
490 1 _aColección "Mens Petri"
500 _aTexto en español y latín.
650 1 4 _aLiturgia.
_914683
700 1 _aArgemí, Aureli María.
_922685
700 1 _aAuñón, Juana.
_923922
830 0 _aDocumentos del Concilio Vaticano II ;
_v3
_9185802
830 0 _aColección "Mens Petri"
_9185803
852 _aES-MaACL
_jC-56625
999 _c114898
_d114898